| 000 | 00795nam a2200205Ii 4500 | ||
|---|---|---|---|
| 003 | JO-AjNU | ||
| 008 | 230605s9999||||xx |||||||||||||| ||und|| | ||
| 040 |
_aJO-AjNU _bara _erda _cJO-AjNU |
||
| 041 | _aara | ||
| 050 | 1 | 4 | _aLC1200.S57 2006 |
| 100 | 3 |
_aسيسالم،كمال محمد مؤلف/الراميني،فواز فتح الله مراجع لغوي, _eauthor _922820 |
|
| 245 | 0 | 0 | _aالدمج في مدارس التعليم العام وفصوله |
| 250 | _aط2 مزيدة ومنقحة | ||
| 264 | 3 | 1 | _aالعين:دار الكتاب الجامعي،2006 |
| 300 | _a206ص | ||
| 336 |
_atext _btxt _2rdacontent |
||
| 337 |
_aunmediated _bn _2rdamedia |
||
| 338 |
_avolume _bnc _2rdacarrier |
||
| 650 | 4 |
_aالأطفال المعوقون-تعليم. التعليم الخاص _922821 |
|
| 999 |
_aA8162 _c11730 _d11730 |
||